• 首页
  • 本馆介绍
  • 公告通知
  • 最新文献
  • 馆藏检索
  • 电子资源
  • 读者导购
  • 参考咨询
  • 我的图书馆
  • 登录
  • 详细信息显示
  • 放入我的书架
  • 预约/预借图书
  • 作者相关作品
  • 分类相关作品
  • 丛书相关作品
  • 出版社相关作品

书目信息

  • 表格格式
  • 工作单格式
  • 卡片格式
题名:
大地测量学
    
 
作者: 托尔格 , Torge 著 ;周慎杰 , 薄志鹏 译
分册:  
出版信息: 北京   测绘出版社  1984
页数: 256页
开本: 21cm
丛书名:
单 册:
中图分类: P22
科图分类:
主题词: 大地测量学
电子资源:
ISBN:
000 00795nam0 2200289 45
001 0184002507
005 20060809102145.03
010    @dCNY1.55
091    @a15039.312
100    @a19950530d1984 em y0chiy0121 ea
101 1  @achi@cger
102    @aCN@b110000
105    @ay z 000yy
200 10 @a大地测量学@Ada di ce liang xue@f(德)托尔格(W.Torge)著@g周慎杰,薄志鹏译
210    @a北京@c测绘出版社@d1984
215    @a256页@d21cm
300    @a书名原文:Geodesy
510 1  @aGeodesy@zger
606    @a大地测量学
690    @aP22@v3
701  1 @a托尔格@Atuo er ge@bW.@f联邦德国@4著
701 A1 @aTorge@bW.@4著
702  0 @a周慎杰@Azhou shen jie@4译
702  0 @a薄志鹏@Abo zhi peng@4译
801  0 @aCN@bTSSF@c20060809
801  2 @aCN@bNLC@c20060808
905    @a10447@dP22@e118
    
    大地测量学/(德)托尔格(W.Torge)著/周慎杰,薄志鹏译.-北京:测绘出版社,1984
    256页;21cm
    书名原文:Geodesy
    
    ISBN :CNY1.55
    
●
相关链接 在E读中查询图书 在五车中查询图书 在当当中查询图书 在豆瓣中查询图书


正题名:大地测量学     索取号:P22/118         预约/预借

序号 登录号 条形码 馆藏地/架位号 状态 备注
1 0451794   204517941   密集书库/ [索取号:P22/118] 在馆    
2 0451795   204517950   密集书库/ [索取号:P22/118] 在馆    
3 0451866   204518664   密集书库/ [索取号:P22/118] 在馆    
4 0451867   204518673   密集书库/ [索取号:P22/118] 在馆    
5 0451868   204518682   密集书库/ [索取号:P22/118] 在馆    
6 0451869   204518691   密集书库/ [索取号:P22/118] 在馆    
唐山师范学院图书馆 欢迎您!
大连网信软件有限公司© 版权所有